| 000 | 00535nam a2200205Ia 4500 | ||
|---|---|---|---|
| 003 | OSt | ||
| 005 | 20250424182517.0 | ||
| 008 | 210423s2009 xx 000 0 und d | ||
| 020 | _a8121910218 | ||
| 040 | _cAL | ||
| 041 | _aeng | ||
| 082 |
_a368 MISI _223 |
||
| 100 |
_aMISHRA (M N);MISHRA (S B). _986552 |
||
| 245 | _aInsurance: principles and practice. | ||
| 260 |
_aNew Delhi _bS Chand & Company Ltd _c2009 |
||
| 300 |
_avi,717 _bPB |
||
| 365 |
_b265 _cINR |
||
| 906 | _aInsurance: ; practice. ; principles | ||
| 942 |
_2ddc _cBK |
||
| 999 |
_c159121 _d159121 |
||